| 000 | 01033nam a22003017a 4500 | ||
|---|---|---|---|
| 003 | DO-SdBPM | ||
| 005 | 20250206085741.0 | ||
| 008 | 160705b2008 sp a 00| 0 spa d | ||
| 020 | _a978849886296 | ||
| 040 |
_aDO-SdBPM _bspa _cBPMSU |
||
| 082 | 4 |
_a843.91 _bS132pr 1953 _222 |
|
| 100 | 1 |
_aSaint-Exupêry, Antoine de, _d1900-1944 |
|
| 245 | 1 | 3 |
_aEl principito / _cAntoine de Saint-Exupêry. |
| 260 | 0 |
_aBarcelona, España : _bEdiciones Salamandra. _c1953 |
|
| 300 |
_a93 p. ; _c23 cm. |
||
| 490 | 0 | _aSalamandra | |
| 500 | _aCon las acuarelas originales del autor | ||
| 500 | _aIncluye datos biográficos del autor en la solapa del forro | ||
| 500 | _apresentación en tapa dura | ||
| 590 | _aInventariado, 2025/VM | ||
| 650 | 4 | _aCuentos juveniles franceses | |
| 650 | 4 | _aLiteratura juvenil francesa | |
| 650 | 4 |
_aAmistad _vCuentos juveniles |
|
| 650 | 4 |
_aValores (Filosofía) _vCuentos infantiles. |
|
| 700 | 1 |
_aCarril, Bonifacio del _etraductor |
|
| 910 | _a VMateo V. Control de calidad. BPMSU | ||
| 942 |
_2ddc _cBK |
||
| 999 |
_c14932 _d14932 |
||